Statystyki dla Kraje najbliżej Belgii przez pierwsze dwie litery

Kliknij tutaj aby rozwiązać quiz!

Ogólne statystyki

  • Ten quiz został rozwiązany 1 310 razy
  • Średni wynik to 15 z 20

Statystyki odpowiedzi

kmkraj% Poprawnych
0Niemcy
98%
0Holandia
97%
595Polska
96%
0Francja
94%
254Szwajcaria
92%
658Szwecja
92%
0Luksemburg
90%
450Dania
79%
372Liechtenstein
77%
80Zjednoczone
Królestwo
77%
357Áustria
76%
734Norwegia
75%
404Czechy
74%
426Włochy
73%
785Słowacja
72%
668Słowenia
72%
622Irlandia
56%
657Monako
40%
799San Marino
35%
731Chorwacja
31%

Rozkład punktacji

Percentyl według liczby udzielonych odpowiedzi

Procent ludzi z każdym wynikiem

Twoja historia wyników

Nie rozwiązałeś tego quizu